Para cuando yo me ausente /

Guardado en:
Detalles Bibliográficos
Autor principal: Rulfo, Juan (compilación)
Formato: Libro
Idioma:Español
Publicado: México : Grijalbo, 1983, c1983
Colección:(Narrativa Grijalbo)
Temas:
Etiquetas: Agrega una etiqueta
Sin etiquetas, Sé el primero en etiquetar este registro!

MARC

LEADER 00000nam^a2200000^a^4500
001 000184592
005 20250521000000.0
009 20260310102119.732
020 |a 968-419-356-4 
037 |a Acervo ITESO - Biblioteca 
041 |a ESP 
082 |a 860. 972063  |b RUL 
100 |a Rulfo, Juan  |e (compilación) 
245 1 0 |a Para cuando yo me ausente /  |c Comp. de J. Rulfo. 
264 4 |a México :  |b Grijalbo,  |c 1983, c1983 
300 |a 313 p. 
336 |a texto  |b txt  |2 rdacontenido 
337 |a sin mediación  |b n  |2 rdamedio 
338 |a volumen  |b nc  |2 rdasoporte 
440 1 |a (Narrativa Grijalbo) 
649 |a XX 
650 |a Escritores Mexicanos 
650 |a Cuentos Mexicanos -  |x Historia y Crítica 
650 |a Novela Mexicana -  |x Historia y Crítica 
650 |a Literatura Mexicana -  |x Historia y Crítica 
650 |a Literatura Mexicana -  |y Siglo XX 
650 |a Rulfo, Juan 
910 |a Fondo General 
920 |a Impresos - Libros 
930 |a Colección General 
940 |a Literatura 
905 |a 101 
901 |a 0500125499  |b IT1  |c LIT  |u 20250521 
902 |a https://opac.biblio.iteso.mx/vufind/Record/000184592